|
|
|
|
| LEADER |
03641nam a2200421 4500 |
| 001 |
ocn908687108 |
| 003 |
OCoLC |
| 005 |
20170124071324.5 |
| 006 |
m o d |
| 007 |
cr cnu|||unuuu |
| 008 |
150511s2015 mau o 001 0 eng d |
| 040 |
|
|
|a DG1
|b eng
|e rda
|e pn
|c DG1
|d OCLCO
|d YDXCP
|d JCR
|d OCLCO
|d OCLCF
|d OCLCO
|d DEBBG
|d GrThAP
|
| 020 |
|
|
|a 9781119038849
|q electronic bk.
|
| 020 |
|
|
|a 1119038847
|q electronic bk.
|
| 024 |
7 |
|
|a 10.1002/9781119038849
|2 doi
|
| 029 |
1 |
|
|a GBVCP
|b 83634801X
|
| 029 |
1 |
|
|a DEBBG
|b BV043397779
|
| 035 |
|
|
|a (OCoLC)908687108
|
| 050 |
|
4 |
|a TE250
|
| 082 |
0 |
4 |
|a 625.8
|2 23
|
| 049 |
|
|
|a MAIN
|
| 100 |
1 |
|
|a Haas, R. C. G.
|q (Ralph C. G.),
|e author.
|
| 245 |
1 |
0 |
|a Pavement asset management /
|c Ralph Haas and W. Ronald Hudson with Lynne Cowe Falls.
|
| 264 |
|
1 |
|a Salem, Massachusetts :
|b Scrivener Publishing ;
|a Hoboken, New Jersey :
|b John Wiley & Sons, Inc.,
|c 2015.
|
| 300 |
|
|
|a 1 online resource
|
| 336 |
|
|
|a text
|b txt
|2 rdacontent
|
| 337 |
|
|
|a computer
|b c
|2 rdamedia
|
| 338 |
|
|
|a online resource
|b cr
|2 rdacarrier
|
| 505 |
0 |
|
|a The Evolution of Pavement Management. Introduction -- Birth and Teen Years of Pavement Management (1967-1987) -- Pavement Management Development from 2010 -- Setting the Stage -- Data Requirements. Overview of Pavement Management Data Needs -- Inventory Data Needs -- Characterizing Pavement Performance -- Evaluation of Pavement Structural Capacity -- Evaluation of Pavement Surface Distress Condition Surveys -- Evaluation of Pavement Safety -- Combined Measures of Pavement Quality -- Data Base Management -- Communicating the Present Status of Pavement Networks -- Determining Present and Future Needs and Priority Programing of Rehabilitation and Maintenance. Establishing Criteria -- Prediction Models for Pavement Deterioration -- Determining Needs -- Rehabilitation and Maintenance Alternatives -- Priority Programing of Rehabilitation and Maintenance -- Developing Combined Programs of Maintenance and Rehabilitation -- Structural Design and Economic Analysis: Project Level. A Framework for Pavement Design -- The MEPDG Process for Pavement Design -- The MEPDG for Design of New and Reconstructed Rigid Pavements -- Rehabilitation of Existing Pavements -- MEPDG in Practice -- Economic Evaluation of Alternative Pavement Design Strategies and Selection of an Optimal Strategy -- Implementation of Pavement Management Systems. Steps and Key Components of Implementation -- Role of Construction -- Role of Maintenance -- Research Management -- Examples of Working Systems. Basic Features of Working Systems -- Network Level Examples of Pavement Management -- Project Level Examples of PMS Software -- HDM-4 the Upgraded World Bank Model -- City and County Pavement Management Systems -- Airport Pavement Management -- Looking Ahead. Analyzing Special Problems -- Applications of Expert Systems Technology -- New and Emerging Technologies -- Institutional Issues and Barriers Related to Pavement Management Implementation -- Cost and Benefits of Pavement Management -- Future Direction and Need for Innovation in Pavement Management -- Developments in Asset Management.
|
| 500 |
|
|
|a Includes index.
|
| 588 |
0 |
|
|a Online resource; title from PDF title page (John Wiley, viewed May 11, 2015).
|
| 650 |
|
0 |
|a Pavements
|x Maintenance and repair
|x Management.
|
| 650 |
|
7 |
|a Pavements
|x Maintenance and repair
|x Management.
|2 fast
|0 (OCoLC)fst01055387
|
| 655 |
|
4 |
|a Electronic books.
|
| 700 |
1 |
|
|a Hudson, W. Ronald,
|e author.
|
| 700 |
1 |
|
|a Falls, Lynne Cowe,
|d 1952-
|e author.
|
| 856 |
4 |
0 |
|u https://doi.org/10.1002/9781119038849
|z Full Text via HEAL-Link
|
| 994 |
|
|
|a 92
|b DG1
|